01016naa a22002657a 4500001001000000003000900010005001700019007000300036008003400039040005400073041000900127072002500136100001900161111007200180245006500252246006400317246005700381260003800438500011100476650000700587650001000594650002600604650001200630773010800642BR8400346BR-BrBNA20240918175414.0ta230509b bl.||||| |||| 00| 0 por d aBR-BrBNAbporcBiblioteca Nacional de Agricultura a(Pt) aQ10; E70b9800b85201 aSilva, A.R. da1 a3. Encontro Nacional de RanicultorescUberlandia, MG (Brazil)d19821 aAbate e processamento de carne e pele de ra. Comercializacao1 a[Slaughter and processing of frog meat and skin. Marketing]1 a[Annals of the 3. National Meeting of Frog Breeders]3 aUberlandia, MG (Brasil): c1983.  aAnais do 3. Encontro Nacional de Ranicultores Uberlandia, MG (Brasil): 1983. p. 101-108 (BR8400346-AM)Q10  aRA aABATE aINDUSTRIA ALIMENTICIA aMERCADO0 tAnais do 3. Encontro Nacional de RanicultoreswQ10 BR8400346gUberlandia, MG (Brasil), 1983. p. 101-108